Студент и научно-технический прогресс. Экономика: материалы XLVIII Международной научной студенческой конференции, 10-14 апреля 2010 г., г. Новосибирск

Библиографические подробности
Корпоративные авторы: Российская академия наук (РАН) Сибирское отделение (СО), Новосибирский государственный университет (НГУ), Студент и начно-технический прогресс Международная научная студенческая конференция
Язык:русский
Опубликовано: Новосибирск, Изд-во НГУ, 2010
Предметы:
Формат: MixedMaterials Книга
Запись в KOHA:https://koha.lib.tpu.ru/cgi-bin/koha/opac-detail.pl?biblionumber=220639

MARC

LEADER 00000nam0a2200000 4500
001 220639
005 20231101230341.0
035 |a (RuTPU)RU\TPU\book\240770 
035 |a RU\TPU\book\240743 
035 |a RU\TPU\book\240767 
035 |a RU\TPU\book\240772 
035 |a RU\TPU\book\240771 
090 |a 220639 
100 |a 20120829d2010 k y0rusy50 ca 
101 0 |a rus 
102 |a RU 
105 |a a z 101zy 
200 1 |a Студент и научно-технический прогресс. Экономика  |e материалы XLVIII Международной научной студенческой конференции, 10-14 апреля 2010 г., г. Новосибирск  |f Российская академия наук (РАН), Сибирское отделение (СО); Новосибирский государственный университет (НГУ) 
210 |a Новосибирск  |c Изд-во НГУ  |d 2010 
215 |a 374 с. 
320 |a Библиография в конце докладов. 
606 1 |a Экономическая теория  |2 stltpush  |3 (RuTPU)RU\TPU\subj\26589  |9 50481 
606 1 |a Экономика  |x Россия  |2 stltpush  |3 (RuTPU)RU\TPU\subj\37358  |9 58389 
610 1 |a бизнес 
610 1 |a управление 
610 1 |a имитационное моделирование 
610 1 |a регионы 
610 1 |a региональная экономика 
610 1 |a территориальное развитие 
610 1 |a экономическое развитие 
610 1 |a промышленное производство 
610 1 |a промышленность 
610 1 |a экономическая социология 
610 1 |a финансы 
610 1 |a банковское дело 
610 1 |a конференции 
610 1 |a материалы конференций 
610 1 |a Новосибирск 
686 |a У011л0  |v LBC/SL-A  |2 rubbk 
686 |a У9(2)0л0  |v LBC/SL-A  |2 rubbk 
712 0 2 |a Российская академия наук (РАН)  |b Сибирское отделение (СО)  |c (Новосибирск)  |2 stltpush  |3 (RuTPU)RU\TPU\col\5931 
712 0 2 |a Новосибирский государственный университет (НГУ)  |2 stltpush  |3 (RuTPU)RU\TPU\col\721 
712 1 2 |a Студент и начно-технический прогресс  |b Международная научная студенческая конференция  |d 48  |e Новосибирск  |f 2010 
801 1 |a RU  |b 63413507  |c 20120828 
801 2 |a RU  |b 63413507  |c 20120920  |g RCR 
942 |c BK